All Desert Eagle Skins in Counter Strike - Statistics

General Stats
  • This quiz has been taken 42 times
  • The average score is 17 of 43
Answer Stats
Picture Answer % Correct
Printstream
95%
Blaze
86%
Code Red
78%
Golden Koi
78%
Crimson Web
73%
Mecha Industries
70%
Hypnotic
59%
Conspiracy
54%
Kumicho Dragon
54%
Night
54%
Default
49%
Fennec Fox
49%
Heat Treated
49%
Ocean Drive
49%
The Bronze
46%
Oxide Blaze
43%
Naga
41%
Sunset Storm 弐
38%
Sunset Storm 壱
38%
Urban DDPAT
35%
Blue Ply
32%
Cobalt Disruption
32%
Hand Cannon
32%
Starcade
32%
Trigger Discipline
32%
Emerald Jörmungandr
30%
Bronze Deco
27%
Directive
27%
Light Rail
27%
Midnight Storm
27%
Pilot
27%
Sputnik
27%
Mudder
24%
Serpent Strike
24%
Heirloom
22%
Corinthian
19%
Meteorite
19%
Night Heist
19%
Tilted
19%
Urban Rubble
11%
Calligraffiti
8%
Mint Fan
8%
Mulburry
3%
No matching quizzes found
Score Distribution
Percent of People with Each Score
Percentile by Number Answered
Your Score History
You have not taken this quiz